000 00536nam a2200181Ia 4500
003 OSt
005 20260326143524.0
008 211028s2008 xx 000 0 und d
040 _cAIMIT LIBRARY
041 _aeng
082 _a658.8 SUBR
100 _aSubratha M;Achar, Sumitha.
_g60471356
_96013
245 _aA study on job satisfaction of employess with reference to lamina suspension products ltd, Mangalore /
260 _bAchar, Sumitha
_c2008
600 _aMarketing
_96014
650 _aMarketing
_96015
942 _2ddc
_cPRO
999 _c218096
_d218096